书目信息 |
| 题名: |
现代美国英语高级听力教程
|
|
| 作者: | 范咏涛 编 | |
| 分册: | 教师用书 | |
| 出版信息: | 成都 四川人民出版社 2007.10 |
|
| 页数: | X, 222页 | |
| 开本: | 26cm | |
| 丛书名: | ||
| 单 册: | ||
| 中图分类: | H319.9 | |
| 科图分类: | ||
| 主题词: | 英语--ying yu--听说教学--美国--教学参考资料 | |
| 电子资源: | ||
| ISBN: | 978-7-220-07458-5 | |
| 000 | 01200nam0 2200253 450 | |
| 001 | 012008176309 | |
| 005 | 20080510150321.85 | |
| 010 | @a978-7-220-07458-5@dCNY29.00 | |
| 100 | @a20080229d2007 em y0chiy0120 ea | |
| 101 | 0 | @achi@aeng |
| 102 | @aCN@b510000 | |
| 105 | @ay z 000yy | |
| 106 | @ar | |
| 200 | 1 | @a现代美国英语高级听力教程@Axian dai mei guo ying yu gao ji ting li jiao cheng@e千年历史一瞬间@d= An advanced listening course of modern American English@emillennium moments@i教师用书@f范咏涛编@Ffan yong tao bian@zeng |
| 210 | @a成都@c四川人民出版社@c四川出版集团@d2007.10 | |
| 215 | @aX, 222页@d26cm | |
| 330 | @a本书具有极其广阔的历史视野,异常丰富的人文知识,纯正标准的美国英语,精心设计的训练项目。全书分为15个教学单元,每个单元又分为3个部分,其中前5个训练项目组成第一部分,随后的4个项目组成第二部分,第三部分则是一个音乐听力项目。 | |
| 510 | 1 | @aAdvanced listening course of modern American English@emillennium moments@zeng |
| 517 | 1 | @a千年历史一瞬间@Aqian nian li shi yi shun jian |
| 606 | 0 | @a英语@Aying yu@x听说教学@y美国@j教学参考资料 |
| 690 | @aH319.9@v4 | |
| 701 | 0 | @a范咏涛@Afan yong tao@4编 |
| 801 | 0 | @aCN@bQSSK@c20080510 |
| 905 | @b708836-38@dH319.9@eF156@f3 | |
| 现代美国英语高级听力教程:千年历史一瞬间= An advanced listening course of modern American English:millennium moments.教师用书/范咏涛编.-成都:四川人民出版社:四川出版集团,2007.10 |
| X, 222页;26cm |
| ISBN 978-7-220-07458-5:CNY29.00 |
| 本书具有极其广阔的历史视野,异常丰富的人文知识,纯正标准的美国英语,精心设计的训练项目。全书分为15个教学单元,每个单元又分为3个部分,其中前5个训练项目组成第一部分,随后的4个项目组成第二部分,第三部分则是一个音乐听力项目。 |
| ● |
| 相关链接 |
|
|
|
正题名:现代美国英语高级听力教程
索取号:H319.9/F156
 
预约/预借
| 序号 | 登录号 | 条形码 | 馆藏地/架位号 | 状态 | 备注 |
| 1 | 708836 | 207088364 | 语言库209/209语言库 29排1列6层/ [索取号:H319.9/F156] | 在馆 | |
| 2 | 708837 | 207088373 | 语言库209/209语言库 29排1列6层/ [索取号:H319.9/F156] | 在馆 | |
| 3 | 708838 | 207088382 | 语言库209/209语言库 29排1列6层/ [索取号:H319.9/F156] | 在馆 |